El Poble : un llibre per als ciutadans / Araceli Vilarrasa Cunillé un llibre per als ciutadans / Araceli Vilarrasa Cunillé
ISBN:
84-7794-864-X
Descripción Física:
122 p. ; 24 cm
Colección:
Temes d'educació ; 14
MARC
| LEADER | 00000nam a2200000Ia 4500 | ||
|---|---|---|---|
| 001 | 14462 | ||
| 008 | 160829s9999 xx 000 0 cat d | ||
| 020 | |a 84-7794-864-X | ||
| 080 | |a M-4-242 | ||
| 100 | |a Vilarrasa, Araceli |9 25633 | ||
| 245 | |a El Poble : |b un llibre per als ciutadans / Araceli Vilarrasa Cunillé | ||
| 260 | |a [Barcelona] : |b Diputació de Barcelona, Xarxa de Municipis, Àrea d'Educació, cop. 2002 | ||
| 300 | |a 122 p. ; |c 24 cm | ||
| 490 | |a Temes d'educació ; 14 | ||
| 590 | |a Notes, referències bibliogràfiques, bibliografia | ||
| 650 | |a Llibre del poble |x Aspectes educatius |9 25635 | ||
| 650 | |a Ciutats i educació |9 25636 | ||
| 650 | 0 | |a Coneixement del medi urbà |9 22253 | |
| 650 | |a Municipis |x Aspectes socials |9 25638 | ||
| 710 | |a Barcelona (Catalunya : Província). |b Àrea d'Educació |9 8009 | ||
| 901 | |a Arxiu | ||
| 942 | |n 1 | ||
| 952 | |0 0 |1 0 |4 0 |6 M4242 |7 1 |9 43713 |a Arxiu |b Arxiu |d 2016-12-01 |l 0 |o M-4-242 |p 14462 |r 2016-12-01 00:00:00 |w 2016-12-01 |y ARXIU | ||
| 999 | |c 46261 |d 46261 | ||